Loading...
| Current Events | 3 | 3.33 | 33% | 0% | 0% |
| Fine Arts - Classical Music | 2 | 10.00 | 50% | 0% | 50% |
| Fine Arts - Other | 6 | 16.67 | 83% | 67% | 17% |
| Fine Arts - Painting and Sculpture | 4 | 10.00 | 100% | 0% | 0% |
| Geography | 1 | 20.00 | 100% | 100% | 0% |
| History - American | 4 | 15.00 | 100% | 50% | 0% |
| History - European | 5 | 16.00 | 100% | 40% | 20% |
| History - Other | 6 | 11.67 | 100% | 17% | 0% |
| History - World | 4 | 10.00 | 100% | 0% | 0% |
| Literature - American | 3 | 10.00 | 100% | 0% | 0% |
| Literature - British | 4 | 10.00 | 100% | 0% | 0% |
| Literature - European | 2 | 15.00 | 100% | 50% | 0% |
| Literature - World | 5 | 8.00 | 80% | 0% | 0% |
| Mythology | 6 | 11.67 | 83% | 17% | 17% |
| Other Academic | 1 | 10.00 | 100% | 0% | 0% |
| Philosophy | 3 | 6.67 | 67% | 0% | 0% |
| Religion | 5 | 12.00 | 60% | 40% | 20% |
| Science - Biology | 5 | 12.00 | 80% | 40% | 0% |
| Science - Chemistry | 5 | 12.00 | 100% | 20% | 0% |
| Science - Other | 2 | 5.00 | 50% | 0% | 0% |
| Science - Physics | 1 | 10.00 | 100% | 0% | 0% |
| Social Science | 4 | 12.50 | 75% | 25% | 25% |